| 000 | 00803cam a22002651 4500 | ||
|---|---|---|---|
| 001 | 9701403 | ||
| 003 | ARRUPE | ||
| 005 | 20131119145643.0 | ||
| 008 | 840413r19341932enk 000 0 eng | ||
| 010 | _a 35008953 | ||
| 035 | _a(OCoLC)10627027 | ||
| 040 |
_aDLC _cGEU _dOCoLC _dDLC |
||
| 042 | _apremarc | ||
| 050 | 0 | 0 |
_aPR1306 _b.P3 1934 |
| 082 | _a824.80822 | ||
| 100 | 1 |
_aParnwell, E. C. _93560 |
|
| 245 | 1 | 0 |
_aVictorian essays, _cchosen and edited by E.C. Parnell. |
| 260 |
_aLondon, _bOxford University Press, _c1934. |
||
| 300 |
_a192 p. _c17 cm. |
||
| 500 | _a"First published 1932; reprinted 1934. | ||
| 650 | 0 |
_aEnglish essays _y19th century. _93561 |
|
| 650 | 0 |
_aAmerican essays _y19th century. _93562 |
|
| 906 |
_a7 _bcbc _coclcrpl _du _encip _f19 _gy-gencatlg |
||
| 942 |
_2lcc _cMONOGRAPH |
||
| 999 |
_c118601 _d118601 |
||